<?xml version="1.0" encoding="UTF-8"?>
<record
    xmlns:xsi="http://www.w3.org/2001/XMLSchema-instance"
    xsi:schemaLocation="http://www.loc.gov/MARC21/slim http://www.loc.gov/standards/marcxml/schema/MARC21slim.xsd"
    xmlns="http://www.loc.gov/MARC21/slim">

  <leader>01433nam a2200253 u 4500</leader>
  <controlfield tag="001">43988</controlfield>
  <controlfield tag="005">20260506070929.0</controlfield>
  <controlfield tag="008">960313s1984                        spa  </controlfield>
  <datafield tag="020" ind1=" " ind2=" ">
    <subfield code="a">8425316308</subfield>
  </datafield>
  <datafield tag="035" ind1=" " ind2=" ">
    <subfield code="a">43988</subfield>
  </datafield>
  <datafield tag="035" ind1=" " ind2=" ">
    <subfield code="a">(OCoLC)778104335</subfield>
  </datafield>
  <datafield tag="040" ind1=" " ind2=" ">
    <subfield code="c">comduadb</subfield>
  </datafield>
  <datafield tag="041" ind1=" " ind2=" ">
    <subfield code="a">spa</subfield>
  </datafield>
  <datafield tag="082" ind1=" " ind2="4">
    <subfield code="a">813</subfield>
  </datafield>
  <datafield tag="100" ind1="1" ind2="0">
    <subfield code="a">Puzo, Mario,</subfield>
    <subfield code="d">1920-1999</subfield>
    <subfield code="4">aut</subfield>
    <subfield code="0">(isni)0000000114658434</subfield>
    <subfield code="0">(viaf)131948</subfield>
    <subfield code="e">aut</subfield>
    <subfield code="9">245849</subfield>
  </datafield>
  <datafield tag="245" ind1="1" ind2="0">
    <subfield code="a">Salvatore Guiliano el siciliano</subfield>
  </datafield>
  <datafield tag="260" ind1=" " ind2=" ">
    <subfield code="a">Barcelona :</subfield>
    <subfield code="b">Ediciones Grijalbo,</subfield>
    <subfield code="c">1984.</subfield>
  </datafield>
  <datafield tag="300" ind1=" " ind2=" ">
    <subfield code="a">400 p&#xE1;ginas</subfield>
  </datafield>
  <datafield tag="520" ind1="3" ind2=" ">
    <subfield code="a">RESUMEN : "Michael Corleone, el hijo de El Padrino, est&#xE1; en Sicilia con el objetivo de poner en marcha una misi&#xF3;n que le ha encomendado su padre: intentar sacar de la isla a un hombre que se ha convertido en un mito popular, pero al que el acoso del gobierno, las clases altas y la Mafia han convertido en un fugitivo solitario. Salvatore Giuliano es ese hombre: un campesino sensible e inquieto, forzado a vivir en el monte tras haber matado a un polic&#xED;a, tan amante de su tierra y sus gentes como opuesto a la connivencia con sus opresores. El siciliano es una biograf&#xED;a novelada de Giuliano y una incisiva descripci&#xF3;n de la vida, las tradiciones y las complejas relaciones de poder en Sicilia."</subfield>
  </datafield>
  <datafield tag="650" ind1=" " ind2="7">
    <subfield code="a">Literatura estadounidense</subfield>
    <subfield code="2">lemb</subfield>
    <subfield code="9">6600</subfield>
  </datafield>
  <datafield tag="650" ind1=" " ind2="7">
    <subfield code="a">Novela estadounidense</subfield>
    <subfield code="2">lemb</subfield>
    <subfield code="9">16718</subfield>
  </datafield>
  <datafield tag="650" ind1=" " ind2="7">
    <subfield code="a">Autores estadounidenses</subfield>
    <subfield code="2">lemb</subfield>
    <subfield code="9">21541</subfield>
  </datafield>
  <datafield tag="942" ind1=" " ind2=" ">
    <subfield code="c">BOOK</subfield>
  </datafield>
  <datafield tag="999" ind1=" " ind2=" ">
    <subfield code="c">49725</subfield>
    <subfield code="d">49725</subfield>
  </datafield>
  <datafield tag="952" ind1=" " ind2=" ">
    <subfield code="0">0</subfield>
    <subfield code="1">0</subfield>
    <subfield code="2">ddc</subfield>
    <subfield code="4">0</subfield>
    <subfield code="7">0</subfield>
    <subfield code="8">COLIT</subfield>
    <subfield code="a">BC</subfield>
    <subfield code="b">BC</subfield>
    <subfield code="d">1997-07-01</subfield>
    <subfield code="i">C73357</subfield>
    <subfield code="l">0</subfield>
    <subfield code="o">813 P994s</subfield>
    <subfield code="p">61000000239521</subfield>
    <subfield code="r">2024-12-09 00:00:00</subfield>
    <subfield code="t">1</subfield>
    <subfield code="w">2023-04-21</subfield>
    <subfield code="y">BOOK</subfield>
  </datafield>
  <datafield tag="952" ind1=" " ind2=" ">
    <subfield code="0">0</subfield>
    <subfield code="1">0</subfield>
    <subfield code="2">ddc</subfield>
    <subfield code="4">0</subfield>
    <subfield code="7">0</subfield>
    <subfield code="8">COLIT</subfield>
    <subfield code="a">BC</subfield>
    <subfield code="b">BC</subfield>
    <subfield code="d">1998-05-04</subfield>
    <subfield code="i">C73358</subfield>
    <subfield code="l">0</subfield>
    <subfield code="o">813 P994s e2</subfield>
    <subfield code="p">61000002827521</subfield>
    <subfield code="r">2023-04-21 00:00:00</subfield>
    <subfield code="t">2</subfield>
    <subfield code="w">2023-04-21</subfield>
    <subfield code="y">BOOK</subfield>
  </datafield>
</record>
